|
|
|
|
| LEADER |
01345njm a2200313 a 4500 |
| 001 |
000905020 |
| 003 |
CZ BrMZK |
| 005 |
20080812105634.0 |
| 007 |
sd fsngnnmmned |
| 008 |
080715s2008 xr ppn g cze d |
| 024 |
3 |
|
|a 8594039880358
|
| 028 |
3 |
1 |
|a HG 0048-2
|b Maximum
|
| 040 |
|
|
|a BOA001
|b cze
|
| 072 |
|
7 |
|a 784
|x Vokální hudba
|2 Konspekt
|9 9
|
| 080 |
|
|
|a 784.4
|2 MRF
|
| 080 |
|
|
|a (086.76)
|2 MRF
|
| 100 |
1 |
|
|a Hannig, Petr,
|d 1946-2025
|7 jn20010310404
|4 cmp
|4 sng
|
| 245 |
1 |
0 |
|a Nejkrásnější písničky
|h [zvukový záznam] :
|b edice 2008
|
| 260 |
|
|
|a Praha :
|b Maximum,
|c p2008
|
| 300 |
|
|
|a 1 zvuková deska :
|b digital ;
|c 12 cm
|
| 500 |
|
|
|a Kompaktní deska
|
| 505 |
0 |
0 |
|t Domů k mámě --
|t Léta --
|t Slunný den končí --
|t Promiňte omyl --
|t Dávno tě znám --
|t Poslední tramvaj --
|t Dívka z heřmánkové návsi --
|t Mám už dávno jinou --
|t Říkal jí holčičko --
|t Poslední závod --
|t Kde stárnou naše lásky --
|t Po silnici běžel pes --
|t Přívětivý pán --
|t Na tisíc holubic --
|t Epilog
|
| 511 |
0 |
|
|a Petr Hannig, zpěv a další
|
| 650 |
0 |
7 |
|a populární písně
|7 ph124354
|y 2001-2010
|2 czenas
|
| 655 |
|
7 |
|a kompaktní desky
|7 fd201991
|2 czenas
|
| 910 |
|
|
|a BOA001
|b CD-0014.661
|
| 990 |
|
|
|a AV
|
| 991 |
|
|
|b 200808
|
| 996 |
6 |
|
|b 261H016291
|c CD-0014.661
|l MZK
|r Sklad / do 24 hodin
|n 0
|w 001069161
|u 000010
|a 1
|e BOA001
|j MZK50
|s P
|